| 000 | 00540nam a2200217Ia 4500 | ||
|---|---|---|---|
| 005 | 20140402154106.0 | ||
| 008 | 140130s9999 xx 000 0 und d | ||
| 020 | _a059048110x | ||
| 050 |
_aPZ 7 _b.L7795Mi 1982 |
||
| 100 |
_aLobel, Arnold _93935 |
||
| 245 |
_cArnold Lobel. _aMing to love the mountain / |
||
| 260 |
_bScholastic, _aUSA : _c1982. |
||
| 300 |
_a32 p. : _bcol. ill. ; _c18 cm. |
||
| 440 |
_v1 _930989 |
||
| 521 | _aG4 | ||
| 526 | _c600 | ||
| 942 |
_cBK _2lcc |
||
| 999 |
_c40751 _d40751 |
||